000 00610nam a2200193Ia 4500
003 OSt
005 20250723103616.0
008 210210b1998 xxu||||| |||| 00| 0 eng d
040 _cAL
041 _aKannada
082 _aK894.8 KRAG
100 _aKRASHNA KOTAYA.
_962738
_dಕೃಷ್ಣ ಕೋಟೆ
245 _aGramabhivraddhi kelavu chintanegalu
_b ಗ್ರಾಮಾಭಿವೃದ್ಧಿ ಕೆಲವು ಚಿಂತನೆಗಳು
260 _aMangaluru
_bMangaluru Vishvavidyalaya
_c1998
300 _avi,58
690 _aKannada Miscellaneous
_962739
906 _a054215
942 _2ddc
_cBK
999 _c102067
_d102067